000 00571nam a2200169Ia 4500
999 _c51055
_d51055
003 GCL
005 20240530104831.0
008 140319s9999 xx 000 0 ara d
040 _aGCL /
_cGCL
082 0 4 _a227
_bم ر
100 1 _aمحمود الالوسى البغدادى
245 1 0 _aروح المعانى فى تفسير القرأن العظيم والسبع المنانى /
_cمحمود الالوس البغدادى
260 _a[S.N] :
_bدار الفكر ،
_c1987
300 _a182
650 0 4 _aتفسير القران الكريم
942 _2ddc
_cBK